A TEXTBOOK BIOSTATISTICS AND RESEARCH METHODOLOGY (Record no. 32459)

MARC details
000 -LEADER
fixed length control field 00351nam a22001457a 4500
003 - CONTROL NUMBER IDENTIFIER
control field SGT
020 ## - INTERNATIONAL STANDARD BOOK NUMBER
International Standard Book Number 978543343038
082 ## - DEWEY DECIMAL CLASSIFICATION NUMBER
Classification number 610.72
Item number DWI
100 ## - MAIN ENTRY--PERSONAL NAME
Personal name DWIVEDI, DR. SUMEET
245 ## - TITLE STATEMENT
Title A TEXTBOOK BIOSTATISTICS AND RESEARCH METHODOLOGY
260 ## - PUBLICATION, DISTRIBUTION, ETC. (IMPRINT)
Place of publication, distribution, etc INDIA
Name of publisher, distributor, etc PEE VEE
Year of Publication 2021
300 ## - PAGE DESCRIPTION
No. of Pages 129
650 ## - SUBJECT ADDED ENTRY--TOPICAL TERM
Topical term or geographic name as entry element RESEARCH METHODOLOGY
942 ## - ADDED ENTRY ELEMENTS (KOHA)
Source of classification or shelving scheme Dewey Decimal Classification
Koha item type Books
Holdings
Withdrawn status Lost status Source of classification or shelving scheme Damaged status Not for loan Collection code Home library Current library Date acquired SGTU Total Checkouts Full call number Accession No. (Barcode) Date last seen Bill Date Koha item type
    Dewey Decimal Classification     SCIENCE SGT Science & Social Sciences Library SGT Science & Social Sciences Library 26/08/2025 SGTU   610.72 DWI DP138 26/08/2025 26/08/2025 Books